LIBRARY & INFORMATION CENTRE, KCAET, TAVANUR

ONLINE PUBLIC ACCESS CATALOGUE (OPAC)

Normal view MARC view
  • Shobha A Udipi

Entry Personal Name

Number of records used in: 1

001 - CONTROL NUMBER

  • control field: 203

003 - CONTROL NUMBER IDENTIFIER

  • control field: OSt

005 - DATE AND TIME OF LATEST TRANSACTION

  • control field: 20141224110943.0

008 - FIXED-LENGTH DATA ELEMENTS

  • fixed length control field: 141224|| aca||aabn | a|a d

040 ## - CATALOGING SOURCE

  • Original cataloging agency: OSt
  • Transcribing agency: OSt

100 ## - HEADING--PERSONAL NAME

  • Personal name: Shobha A Udipi

670 ## - SOURCE DATA FOUND

  • Source citation: Work cat.: (OSt): Shobha A Udipi , Food Irradiation , 2010
free website counter